Анализ системы ограничений потребительского выбора; Известия Томского политехнического университета [Известия ТПУ]; Т. 321, № 6 : Экономика. Философия, социология и культурология. История
| Parent link: | Известия Томского политехнического университета [Известия ТПУ]/ Томский политехнический университет (ТПУ).— , 2000- Т. 321, № 6 : Экономика. Философия, социология и культурология. История.— 2012.— [С. 77-81] |
|---|---|
| Autor principal: | |
| Resumo: | Заглавие с титульного листа Электронная версия печатной публикации На основе общей схемы рационального действия представлена классификация экономических факторов потребительского поведения, для трех основных направлений экономической мысли (политэкономическое, неоклассическое, кейнсианское) выявлены возможности характеристики каждой из групп факторов, предложена классификация экономических потребительских рисков на основе анализа ситуаций неопределенности. |
| Idioma: | russo |
| Publicado em: |
2012
|
| Colecção: | Экономика |
| Assuntos: | |
| Acesso em linha: | http://earchive.tpu.ru/bitstream/11683/4572/1/bulletin_tpu-2012-321-6-16.pdf |
| Formato: | Recurso Electrónico Capítulo de Livro |
| KOHA link: | https://koha.lib.tpu.ru/cgi-bin/koha/opac-detail.pl?biblionumber=233567 |
MARC
| LEADER | 00000nla2a2200000 4500 | ||
|---|---|---|---|
| 001 | 233567 | ||
| 005 | 20240206134258.0 | ||
| 035 | |a (RuTPU)RU\TPU\book\254645 | ||
| 035 | |a RU\TPU\book\254643 | ||
| 090 | |a 233567 | ||
| 100 | |a 20130305d2012 k y0rusy50 ca | ||
| 101 | 0 | |a rus | |
| 102 | |a RU | ||
| 135 | |a drnn ---uucaa | ||
| 181 | 0 | |a i | |
| 182 | 0 | |a b | |
| 200 | 1 | |a Анализ системы ограничений потребительского выбора |f М. В. Рыжкова | |
| 203 | |a Текст |c электронный | ||
| 215 | |a 1 файл (131 Кб) | ||
| 225 | 1 | |a Экономика | |
| 300 | |a Заглавие с титульного листа | ||
| 300 | |a Электронная версия печатной публикации | ||
| 320 | |a [Библиогр.: с. 81 (6 назв.)] | ||
| 330 | |a На основе общей схемы рационального действия представлена классификация экономических факторов потребительского поведения, для трех основных направлений экономической мысли (политэкономическое, неоклассическое, кейнсианское) выявлены возможности характеристики каждой из групп факторов, предложена классификация экономических потребительских рисков на основе анализа ситуаций неопределенности. | ||
| 337 | |a Adobe Reader | ||
| 461 | 1 | |0 (RuTPU)RU\TPU\book\176237 |t Известия Томского политехнического университета [Известия ТПУ] |f Томский политехнический университет (ТПУ) |d 2000- | |
| 463 | 1 | |0 (RuTPU)RU\TPU\book\254614 |x 1684-8519 |t Т. 321, № 6 : Экономика. Философия, социология и культурология. История |v [С. 77-81] |d 2012 |p 264 с. | |
| 610 | 1 | |a потребительский выбор | |
| 610 | 1 | |a факторы | |
| 610 | 1 | |a история | |
| 610 | 1 | |a экономическая мысль | |
| 610 | 1 | |a потребительские риски | |
| 610 | 1 | |a труды учёных ТПУ | |
| 610 | 1 | |a электронный ресурс | |
| 700 | 1 | |a Рыжкова |b М. В. |c экономист |c профессор Томского политехнического университета, доктор наук |f 1977- |g Марина Вячеславовна |3 (RuTPU)RU\TPU\pers\25999 |9 11848 | |
| 801 | 1 | |a RU |b 63413507 |c 20090623 |g PSBO | |
| 801 | 2 | |a RU |b 63413507 |c 20220124 |g PSBO | |
| 856 | 4 | |u http://earchive.tpu.ru/bitstream/11683/4572/1/bulletin_tpu-2012-321-6-16.pdf | |
| 942 | |c CF | ||